| 000 | 00639nam a2200193Ia 4500 | ||
|---|---|---|---|
| 008 | 151121s9999||||xx |||||||||||||| ||und|| | ||
| 082 | _aबा। वि। | ||
| 082 | _bHNW-79224 | ||
| 100 | _aपटवर्धन मोरेश्वर- संपा। | ||
| 245 | _aआई | ||
| 260 | _b"साहित्य प्रसार केंद्र, मुंबई" | ||
| 260 | _c-- | ||
| 300 | _a117 | ||
| 600 | _aपटवर्धन मोरेश्वर- संपा। | ||
| 630 | _aआई | ||
| 700 | _aपटवर्धन मोरेश्वर- संपा। | ||
| 730 | _aआई | ||
| 942 | _cBOOK | ||
| 999 |
_c1260610 _d1260607 |
||